[Event "Open Principal"]
[Site "Montpellier"]
[Date "1999.??.??"]
[Round "5"]
[White "Launiau, Severin"]
[Black "Raggini, Lionel"]
[Result "1-0"]
[WhiteElo "1920"]
[BlackElo "2090"]
[PlyCount "160"]
[EventDate "1999.07.??"]

1. c4 Nf6 2. Nc3 e6 3. e4 d5 4. cxd5 exd5 5. e5 d4 6. exf6 dxc3 7. fxg7 cxd2+
8. Qxd2 Qxd2+ 9. Bxd2 Bxg7 10. O-O-O Bf5 11. Re1+ Be6 12. Bc4 O-O 13. Bxe6 fxe6
14. Nf3 e5 15. Bc3 Nc6 16. Nxe5 Nxe5 17. Bxe5 Bxe5 18. Rxe5 Rxf2 19. Rg5+ Kf7
20. Rd1 Re8 21. Rd2 Ree2 22. Rxe2 Rxe2 23. Rc5 c6 24. Rc2 Re5 25. Rf2+ Ke6 26.
Kd2 Kd6 27. Rf7 Rb5 28. Kc3 h5 29. h3 a5 30. a3 b6 31. Rf6+ Kd7 32. g4 hxg4 33.
hxg4 Rg5 34. Rf4 Kd6 35. Kd4 Rb5 36. Rf6+ Kd7 37. Rf2 Rg5 38. Rg2 c5+ 39. Ke4
c4 40. Kd4 b5 41. a4 Kc6 42. axb5+ Kxb5 43. Ke4 Kb4 44. Rg3 a4 45. Kf4 Ra5 46.
Ra3 Rc5 47. g5 c3 48. Rxc3 Rxc3 49. bxc3+ Kc5 50. g6 a3 51. g7 a2 52. g8=Q a1=Q
53. Qc8+ Kb5 54. Qb7+ Kc4 55. Qc6+ Kb3 56. Qd5+ Kc2 57. c4 Qf1+ 58. Ke5 Qa1+
59. Qd4 Qa5+ 60. c5 Qc7+ 61. Qd6 Qg7+ 62. Kd5 Qf7+ 63. Kc6 Qf3+ 64. Kc7 Qf7+
65. Qd7 Qf4+ 66. Kb6 Qb8+ 67. Qb7 Qd8+ 68. Qc7 Qd4 69. Qc6 Qd8+ 70. Kb7 Qe7+
71. Qc7 Qe4+ 72. c6 Qb4+ 73. Qb6 Qe4 74. Ka7 Kd1 75. c7 Qa4+ 76. Kb8 Qf4 77.
Qc5 Qg3 78. Ka7 Qg7 79. Qd6+ Ke1 80. Ka6 Qa1+ 1-0

[Event "Open Principal"]
[Site "Montpellier"]
[Date "1999.??.??"]
[Round "5"]
[White "Lacrosse, Marc"]
[Black "Brunner, Nicolas"]
[Result "1/2-1/2"]
[WhiteElo "2218"]
[BlackElo "2013"]
[PlyCount "60"]
[EventDate "1999.07.??"]

1. d4 Nf6 2. c4 c5 3. d5 b5 4. cxb5 a6 5. e3 axb5 6. Bxb5 Qa5+ 7. Nc3 Bb7 8.
Bd2 Qb6 9. Qb3 e6 10. Bc4 Qxb3 11. Bxb3 Na6 12. f3 Nxd5 13. Nxd5 exd5 14. O-O-O
c4 15. Bc2 Nb4 16. a3 Nxc2 17. Kxc2 Bc6 18. Re1 Bc5 19. Ne2 O-O 20. Nd4 Bxd4
21. exd4 Rfe8 22. Rxe8+ Rxe8 23. Re1 Rxe1 24. Bxe1 Kf8 25. Kc3 Ke7 26. Kb4 d6
27. a4 Kd7 28. a5 Kc7 29. a6 Kb6 30. Bc3 Kxa6 1/2-1/2

[Event "Open Principal"]
[Site "Montpellier"]
[Date "1999.??.??"]
[Round "5"]
[White "Mounier, Eric"]
[Black "Lambert, Adrien"]
[Result "1-0"]
[WhiteElo "2092"]
[BlackElo "1980"]
[PlyCount "53"]
[EventDate "1999.07.??"]

1. e4 e6 2. d4 d5 3. e5 c5 4. c3 Nc6 5. Nf3 Nge7 6. a3 c4 7. g3 Qb6 8. Nbd2 Na5
9. Bh3 Bd7 10. O-O f6 11. exf6 gxf6 12. Qe2 O-O-O 13. Re1 Nf5 14. Rb1 Bd6 15.
b4 cxb3 16. c4 Qa6 17. Bb2 Bc7 18. Bf1 Rhe8 19. Rec1 Kb8 20. Qd1 dxc4 21. Nxc4
Nxc4 22. Bxc4 Bb5 23. Qxb3 Bxc4 24. Rxc4 Bb6 25. Ra4 Qe2 26. Rc1 Nxd4 27. Bxd4
1-0

[Event "Open Principal"]
[Site "Montpellier"]
[Date "1999.??.??"]
[Round "5"]
[White "Orsoni, Jean-Philippe"]
[Black "Amadou, David"]
[Result "0-1"]
[WhiteElo "1990"]
[BlackElo "2140"]
[PlyCount "114"]
[EventDate "1999.07.??"]

1. e4 c5 2. Nf3 Nc6 3. d4 cxd4 4. Nxd4 Qc7 5. Nb5 Qb8 6. a4 a6 7. N5a3 Nf6 8.
Nc3 e6 9. Nc4 Bc5 10. Be3 b6 11. Bxc5 bxc5 12. Qd6 Qxd6 13. Nxd6+ Ke7 14. O-O-O
Ng4 15. Rd2 Nd4 16. Nxc8+ Rhxc8 17. h3 Ne5 18. f4 Nec6 19. Bc4 d6 20. Rhd1 Na5
21. Ba2 Rd8 22. Ne2 Ndc6 23. c3 Rab8 24. Kc2 Rb6 25. Nc1 c4 26. b4 cxb3+ 27.
Nxb3 Nc4 28. Rd3 Rdb8 29. Rg3 g6 30. Re1 N6a5 31. Nxa5 Rb2+ 32. Kd3 Nxa5 33.
Ra1 Rf2 34. Rb1 Rc8 35. Bb3 Rxf4 36. Bd1 f5 37. exf5 Rxf5 38. Rf3 Rfc5 39. Kc2
R8c7 40. Rb4 Nc4 41. Rg3 d5 42. Be2 a5 43. Rb8 Nd6 44. Rh8 Kf6 45. Rf3+ Kg7 46.
Rb8 Ne4 47. Rb3 d4 48. c4 Nd6 49. Rb6 Nxc4 50. Bxc4 Rxc4+ 51. Kd3 Rxa4 52. Rxe6
Rd7 53. Rf2 Ra1 54. Re4 Ra3+ 55. Kd2 d3 56. Re3 Ra2+ 57. Kd1 d2 0-1

[Event "Open Principal"]
[Site "Montpellier"]
[Date "1999.??.??"]
[Round "5"]
[White "Rue, David"]
[Black "Negre, Albert"]
[Result "1/2-1/2"]
[WhiteElo "2157"]
[BlackElo "2132"]
[PlyCount "137"]
[EventDate "1999.07.??"]

1. e4 e5 2. d4 exd4 3. Qxd4 Nc6 4. Qe3 Nf6 5. Bd2 Bb4 6. Bc4 O-O 7. Ne2 d5 8.
exd5 Re8 9. Qd3 Ne5 10. Qb3 Bxd2+ 11. Nxd2 Nxc4 12. Qxc4 Nxd5 13. O-O Nb6 14.
Qd4 Bf5 15. Qxd8 Raxd8 16. Ng3 Bxc2 17. Nf3 c6 18. h4 f6 19. Rac1 Be4 20. Nxe4
Rxe4 21. Rfe1 Rxe1+ 22. Rxe1 Kf7 23. Kf1 Nd5 24. Re4 Ne7 25. Ke2 Rd5 26. g4 Ng6
27. h5 Ne7 28. Rb4 b5 29. a4 a5 30. Re4 g6 31. hxg6+ hxg6 32. Nd2 f5 33. gxf5
gxf5 34. Rh4 Ng6 35. Rh7+ Kf6 36. Rc7 Ne7 37. axb5 cxb5 38. Ra7 a4 39. Ra6+ Kf7
40. Nb1 Rd4 41. Nc3 Rb4 42. Nd1 Nd5 43. Kd2 Rb3 44. Rd6 Nf6 45. Kc2 Ne4 46. Rb6
Ke7 47. Ne3 Nd6 48. Rc6 Kd7 49. Rc3 Rxc3+ 50. Kxc3 Ke6 51. f4 Kd7 52. b3 Ne4+
53. Kb4 axb3 54. Kxb3 Ng3 55. Kb4 Kc6 56. Nc2 Ne2 57. Ne3 Nxf4 58. Nxf5 Nd5+
59. Kb3 Kc5 60. Ng3 Nf6 61. Ne2 Ne4 62. Nc3 Nxc3 63. Kxc3 b4+ 64. Kb3 Kb5 65.
Kb2 Kc4 66. Kc2 b3+ 67. Kb2 Kb4 68. Kb1 Kc3 69. Kc1 1/2-1/2

[Event "Open Principal"]
[Site "Montpellier"]
[Date "1999.??.??"]
[Round "5"]
[White "Rue, Eric"]
[Black "Marca-Fournel"]
[Result "1-0"]
[WhiteElo "2159"]
[BlackElo "2000"]
[PlyCount "81"]
[EventDate "1999.07.??"]

1. e4 e6 2. d3 d5 3. Nd2 dxe4 4. dxe4 e5 5. Ngf3 Bc5 6. Bc4 Nf6 7. O-O O-O 8.
c3 Qe7 9. b4 Bb6 10. a4 a5 11. b5 Bg4 12. h3 Bh5 13. Qe2 Nbd7 14. Nb3 Nc5 15.
Ba3 Rfd8 16. Rad1 c6 17. Rxd8+ Rxd8 18. bxc6 bxc6 19. Bxc5 Bxc5 20. Nxa5 Qc7
21. Nb3 Bb6 22. Ra1 Bg6 23. a5 Ba7 24. Nbd2 h5 25. Ng5 Rb8 26. Ndf3 Qe7 27. Rd1
Ng4 28. hxg4 28... hxg4 {} 29. Nxe5 Qxe5 30. Qxg4 Qc5 31. Rd4 Qxa5 32. Nxf7
Rb1+ 33. Kh2 Bxf7 34. Bxf7+ Kf8 35. Qe6 Bb8+ 36. g3 Bxg3+ 37. Kxg3 Qxc3+ 38.
Kg2 Rg1+ 39. Kxg1 Qc1+ 40. Kg2 Qg5+ 41. Kf3 1-0

[Event "Open Principal"]
[Site "Montpellier"]
[Date "1999.??.??"]
[Round "5"]
[White "Sauvadet, Herve"]
[Black "Aiglon, Laurent"]
[Result "1/2-1/2"]
[WhiteElo "2098"]
[BlackElo "2105"]
[PlyCount "74"]
[EventDate "1999.07.??"]

1. e4 c5 2. Nc3 Nc6 3. g3 g6 4. Bg2 Bg7 5. d3 e6 6. Be3 Qa5 7. Qd2 Nd4 8. Nge2
Ne7 9. O-O d6 10. Nc1 Bd7 11. Nb3 Qb4 12. f4 Nec6 13. Rf2 O-O 14. Nd1 Qb6 15.
g4 f5 16. h3 16... Nb4 {} 17. c3 Nbc2 18. Bxd4 Nxa1 19. Bxg7 Nxb3 20. axb3
Kxg7 21. Ne3 Rae8 22. Nc4 Qc7 23. e5 dxe5 24. fxe5 Bc6 25. Nd6 Rd8 26. gxf5
exf5 27. Qg5 Bxg2 28. Qxg2 Rxd6 29. exd6 Qxd6 30. Qxb7+ Rf7 31. Qf3 Rd7 32. Rd2
Qe6 33. Qf2 Re7 34. d4 cxd4 35. Qxd4+ Kh6 36. Qh4+ Kg7 37. Qd4+ Kh6 1/2-1/2

[Event "Open Principal"]
[Site "Montpellier"]
[Date "1999.??.??"]
[Round "5"]
[White "Seeger, Klaus"]
[Black "Rouillon, Ludovic"]
[Result "1-0"]
[WhiteElo "1980"]
[BlackElo "2133"]
[PlyCount "81"]
[EventDate "1999.07.??"]

1. e4 c5 2. Nf3 d6 3. d4 cxd4 4. Nxd4 Nf6 5. Nc3 g6 6. Be2 Bg7 7. Be3 O-O 8.
O-O Nc6 9. Kh1 Bd7 10. f3 Rc8 11. Ncb5 d5 12. Nxc6 bxc6 13. Nc3 Qa5 14. e5 Ne8
15. f4 Rb8 16. Qd4 Nc7 17. Nd1 Rb7 18. c3 f6 19. b4 Qa4 20. exf6 Bxf6 21. Qd2
a5 22. bxa5 Qxa5 23. a4 c5 24. Bf3 e6 25. Ra2 Rb3 26. Qc2 Rfb8 27. Bd2 Bxa4 28.
c4 Qa6 29. Re1 d4 30. h3 Kf7 31. Qe4 Rxf3 32. gxf3 Qxc4 33. Rb2 Bb5 34. Ba5 Na6
35. Nf2 Bc6 36. Qxc6 Rxb2 37. Qd7+ Kg8 38. Ng4 Bg7 39. Qc8+ Bf8 40. Nf6+ Kg7
41. Qd7+ 1-0

[Event "Open Principal"]
[Site "Montpellier"]
[Date "1999.??.??"]
[Round "6"]
[White "Aiglon, Laurent"]
[Black "Launiau, Severin"]
[Result "0-1"]
[WhiteElo "2105"]
[BlackElo "1920"]
[PlyCount "110"]
[EventDate "1999.07.??"]

1. e4 e5 2. Nf3 d5 3. Nxe5 Bd6 4. d4 dxe4 5. Bf4 Qf6 6. Bg3 Nc6 7. Bb5 a6 8.
Bxc6+ bxc6 9. Nd2 Bf5 10. O-O h5 11. h3 h4 12. Bh2 Qg5 13. Kh1 Ne7 14. Qe2 f6
15. Nec4 Bxh2 16. Kxh2 Nd5 17. Nxe4 Qf4+ 18. Kh1 Qxe4 19. Qxe4+ Bxe4 20. Rae1
f5 21. f3 O-O 22. fxe4 Nb4 23. e5 Nxc2 24. Rd1 Rad8 25. e6 Rxd4 26. Rxd4 Nxd4
27. e7 Re8 28. Re1 g5 29. Rd1 c5 30. b4 Rxe7 31. bxc5 Ne2 32. c6 Kf7 33. Rd2 f4
34. Rd1 Nc3 35. Rd2 Ne4 36. Rd7 Kf6 37. Kg1 Rxd7 38. cxd7 Ke7 39. Ne5 Nc3 40.
a3 Nb5 41. a4 Nd6 42. Kf2 Ne4+ 43. Ke2 Nc3+ 44. Kf3 Nxa4 45. Nc6+ Kxd7 46. Nb8+
Kd6 47. Nxa6 c5 48. Kg4 Nc3 49. Kxg5 Nd5 50. Nxc5 Kxc5 51. Kxh4 Kd4 52. Kg5 Ke5
53. Kg4 Ke4 54. h4 Ne3+ 55. Kh3 Kf5 0-1

[Event "Open Principal"]
[Site "Montpellier"]
[Date "1999.??.??"]
[Round "6"]
[White "Amadou, David"]
[Black "Sauvadet, Herve"]
[Result "1/2-1/2"]
[WhiteElo "2140"]
[BlackElo "2098"]
[PlyCount "107"]
[EventDate "1999.07.??"]

1. Nf3 d5 2. c4 d4 3. g3 Nc6 4. d3 e5 5. a3 a5 6. Bg2 Nf6 7. O-O Be7 8. a4 O-O
9. Na3 Nd7 10. e3 Nc5 11. Nb5 Bg4 12. h3 Bxf3 13. Bxf3 Nb4 14. exd4 exd4 15.
Be2 c6 16. Na3 Qd7 17. Nb1 Bd6 18. Ra3 Rae8 19. Nd2 f5 20. Nb3 Nxb3 21. Rxb3 f4
22. g4 {} 22... Qe7 23. Bf3 Qh4 24. Kg2 Re6 25. Rh1 Rfe8 26. Bd2 Qf6 27. Qc1
Bc5 28. Ra3 g5 29. Bxb4 Bxb4 30. Ra1 Qe7 31. Qc2 Kg7 32. Be4 Rxe4 33. dxe4
Qxe4+ 34. Qxe4 Rxe4 35. Kf3 Re6 36. Rad1 c5 37. Rd3 h6 38. Rc1 h5 39. gxh5 Kh6
40. Rdd1 Kxh5 41. Rd3 Kg6 42. Rh1 Kf5 43. Rdd1 Rh6 44. Rh2 Rh4 45. Ke2 Ke5 46.
f3 Rh6 47. Kd3 Kf5 48. Rdh1 Re6 49. Re2 Re3+ 50. Rxe3 fxe3 51. h4 gxh4 52. Rxh4
Kg5 53. Rg4+ Kf5 54. Rh4 1/2-1/2

[Event "Open Principal"]
[Site "Montpellier"]
[Date "1999.??.??"]
[Round "6"]
[White "Bigorre, Bernard"]
[Black "Ali, Hussein"]
[Result "1-0"]
[WhiteElo "1870"]
[BlackElo "2049"]
[PlyCount "102"]
[EventDate "1999.07.??"]

1. e4 c5 2. Nf3 Nc6 3. d4 cxd4 4. Nxd4 g6 5. Nc3 Bg7 6. Be3 Nf6 7. f3 O-O 8.
Qd2 d6 9. O-O-O Bd7 10. Kb1 Qa5 11. Nb3 Qc7 12. h4 Ne5 13. Bh6 Rfc8 14. Bxg7
Kxg7 15. h5 15... Nxh5 {} 16. Rxh5 gxh5 17. Qg5+ Ng6 18. Bd3 f6 19. Qxh5 Nf4
20. Qh4 Nxd3 21. Rh1 Rh8 22. Qh6+ Kf7 23. Nd5 Qc8 24. cxd3 Qg8 25. Qd2 Qg7 26.
d4 Rag8 27. Nf4 Rd8 28. d5 Qg5 29. Nd4 Rdg8 30. a3 h5 31. Nde6 Qe5 32. Nd3 Qg3
33. Ndf4 Rc8 34. Nxh5 Qe5 35. Nef4 Ba4 36. g3 Rc2 37. Qb4 b5 38. Nd3 Qxh5 39.
Rxh5 Rxh5 40. Qxa4 Rxb2+ 41. Kxb2 bxa4 42. g4 Rh3 43. Ne1 e6 44. dxe6+ Kxe6 45.
Kc3 Rh1 46. Nd3 Rf1 47. f4 Rg1 48. f5+ Kd7 49. Nb4 Rxg4 50. Nd5 Kc6 51. Nxf6 a5
1-0

[Event "Open Principal"]
[Site "Montpellier"]
[Date "1999.??.??"]
[Round "6"]
[White "Esprit, Yohan"]
[Black "Guennoun, Anthony"]
[Result "1-0"]
[WhiteElo "2083"]
[BlackElo "1590"]
[PlyCount "121"]
[EventDate "1999.07.??"]

1. Nc3 f5 2. g4 e6 3. d4 d5 4. Bg2 Bb4 5. Nf3 Nf6 6. Bg5 h6 7. Bxf6 Qxf6 8. Ne5
Nd7 9. Nxd7 Bxd7 10. gxf5 Qxf5 11. Qd3 Qxd3 12. cxd3 O-O 13. O-O c5 14. a3 Bxc3
15. bxc3 cxd4 16. cxd4 Rac8 17. Rac1 Rxc1 18. Rxc1 Rc8 19. Rxc8+ Bxc8 20. e4
dxe4 21. dxe4 Kf7 22. Kf1 b5 23. Ke2 Kf6 24. Ke3 a5 25. f4 Ke7 26. Bh3 Bb7 27.
Kd3 Kd6 28. Bg4 Ba6 29. Kc3 g6 30. h4 Ke7 31. Kb3 Kd6 32. Be2 Kc7 33. Bd3 Kd6
34. Bf1 Ke7 35. Be2 Kf6 36. Kb2 a4 37. Bf3 g5 38. fxg5+ hxg5 39. h5 Bc8 40. e5+
Kg7 41. Bg4 Bb7 42. Bxe6 Bf3 43. d5 Bxh5 44. d6 Kf8 45. Bd5 g4 46. e6 Be8 47.
Kc3 g3 48. d7 Bxd7 49. exd7 Ke7 50. Kb4 Kxd7 51. Kxb5 Kc7 52. Bg2 Kd6 53. Kxa4
Kc5 54. Kb3 Kb5 55. a4+ Ka5 56. Ka3 Ka6 57. Kb4 Kb6 58. a5+ Ka6 59. Ka4 Ka7 60.
Kb5 Kb8 61. Kb6 1-0

[Event "Open Principal"]
[Site "Montpellier"]
[Date "1999.??.??"]
[Round "6"]
[White "Holcman, Jeremy"]
[Black "Rue, David"]
[Result "0-1"]
[WhiteElo "2081"]
[BlackElo "2157"]
[PlyCount "98"]
[EventDate "1999.07.??"]

1. d4 Nf6 2. Nf3 b6 3. g3 d5 4. Bg2 e6 5. O-O Be7 6. c4 Ba6 7. Ne5 O-O 8. Nc3
c6 9. Qa4 Bb7 10. Rd1 Nfd7 11. Nxd7 Nxd7 12. e4 dxc4 13. Qxc4 b5 14. Qe2 b4 15.
Na4 Qa5 16. b3 Nb6 17. Nxb6 axb6 18. e5 Rfd8 19. h4 Qa6 20. Qe4 Ra7 21. Qg4 c5
22. d5 Bxd5 23. Bh6 Bf8 24. Bg5 Rdd7 25. Bxd5 Rxd5 26. Rxd5 exd5 27. e6 b5 28.
Re1 fxe6 29. Rxe6 Qc8 30. Qe2 Rxa2 31. Qe5 d4 32. Qd5 Qa8 33. Rc6+ Kh8 34. Qe6
Re2 35. Qd7 d3 36. g4 Re8 37. h5 h6 38. Be3 Rd8 39. Qe6 Qa1+ 40. Kg2 Qf6 41.
Qe4 Qf7 42. Bd2 Rd4 43. Qe5 Rxg4+ 44. Kf1 Qxb3 45. Rc8 Qd1+ 46. Be1 Qe2+ 47.
Qxe2 dxe2+ 48. Kxe2 Kg8 49. f3 Rg5 0-1

[Event "Open Principal"]
[Site "Montpellier"]
[Date "1999.??.??"]
[Round "6"]
[White "Negre, Albert"]
[Black "Mounier, Eric"]
[Result "0-1"]
[WhiteElo "2132"]
[BlackElo "2130"]
[PlyCount "140"]
[EventDate "1999.07.??"]

1. d4 Nf6 2. Nc3 d5 3. Bg5 Bf5 4. f3 h6 5. Bh4 g5 6. Bf2 e6 7. g4 Bh7 8. e3 c5
9. Bd3 Bxd3 10. Qxd3 Nc6 11. h4 Bg7 12. hxg5 c4 13. Qd2 hxg5 14. Rxh8+ Bxh8 15.
O-O-O b5 16. e4 b4 17. Nb5 a6 18. Nd6+ Qxd6 19. e5 Qd8 20. exf6 Bxf6 21. Ne2
Qa5 22. Kb1 Rb8 23. Bg3 Rd8 24. f4 b3 25. Qxa5 bxc2+ 26. Kxc2 Nxa5 27. fxg5
Bxg5 28. Bc7 Nc6 29. Bxd8 29... Nxd8 {} 30. b3 cxb3+ 31. axb3 Nc6 32. Kc3 a5
33. Ng1 Be7 34. Nf3 Bb4+ 35. Kd3 Nd8 36. Rc1 Kd7 37. Ne5+ Kd6 38. Rc8 Ke7 39.
Rc7+ Ke8 40. Ra7 f6 41. Nf3 Nf7 42. Ra8+ Ke7 43. Rg8 e5 44. dxe5 fxe5 45. Ke2
Bc3 46. g5 e4 47. Nh4 Nd6 48. Ra8 d4 49. Ra7+ Ke6 50. g6 d3+ 51. Kf1 e3 52. Nf3
Nf5 53. Ng5+ Ke5 54. g7 Nxg7 55. Rxg7 e2+ 56. Kg2 Kf6 57. Nf3 Kxg7 58. Kf2 Kf6
59. Ke3 e1=Q+ 60. Nxe1 Bxe1 61. Kxd3 Ke5 62. Kc4 Kd6 63. Kd4 Kc6 64. Kc4 Bd2
65. Kd3 Bb4 66. Kc4 Be1 67. Kd3 Kb5 68. Kc2 Kb4 69. Kb2 Bc3+ 70. Ka2 Be5 0-1

[Event "Open Principal"]
[Site "Montpellier"]
[Date "1999.??.??"]
[Round "6"]
[White "Raggini, Lionel"]
[Black "Rue, Eric"]
[Result "1/2-1/2"]
[WhiteElo "2090"]
[BlackElo "2159"]
[PlyCount "72"]
[EventDate "1999.07.??"]

1. e4 d6 2. d4 Nf6 3. Nc3 g6 4. f4 Bg7 5. Nf3 c5 6. e5 Nfd7 7. e6 fxe6 8. Ng5
Nf6 9. Bb5+ Nc6 10. dxc5 O-O 11. O-O dxc5 12. Bxc6 Qxd1 13. Rxd1 bxc6 14. Re1
Nd5 15. Nxd5 exd5 16. Ne6 Bxe6 17. Rxe6 Bd4+ 18. Kf1 Rac8 19. Rxe7 Rf7 20. Rxf7
Kxf7 21. Bd2 Rb8 22. Rb1 Rxb2 23. Rxb2 Bxb2 24. Ke2 Bf6 25. g4 Ke6 26. Kf3 a6
27. a4 c4 28. Bb4 Bd4 29. h3 Bb2 30. Bc5 d4 31. Ke4 d3 32. cxd3 c3 33. f5+
gxf5+ 34. gxf5+ Kf7 35. Bd4 Ba1 36. Be3 Bb2 1/2-1/2

[Event "Open Principal"]
[Site "Montpellier"]
[Date "1999.??.??"]
[Round "6"]
[White "Von Flue, Tim"]
[Black "Lacrosse, Marc"]
[Result "0-1"]
[WhiteElo "1900"]
[BlackElo "2218"]
[PlyCount "114"]
[EventDate "1999.07.??"]

1. d4 d5 2. Nf3 Nf6 3. e3 Bf5 4. Bd3 e6 5. O-O c6 6. c4 Bxd3 7. Qxd3 Nbd7 8.
Nc3 Bb4 9. a3 Bxc3 10. bxc3 Qa5 11. cxd5 cxd5 12. c4 Qa6 13. Nd2 Nb6 14. e4
Nxc4 15. Qg3 O-O 16. e5 Nxd2 17. Bxd2 Ne4 18. Qe3 Nxd2 19. Qxd2 Rac8 20. f4 Rc4
21. f5 f6 22. fxe6 Qxe6 23. Rae1 f5 24. Rf3 b5 25. Kh1 g6 26. g4 Rcc8 27. Ref1
fxg4 28. Rxf8+ Rxf8 29. Rxf8+ Kxf8 30. Qb4+ Qe7 31. Qxb5 Qxa3 32. Qb8+ Kg7 33.
Qc7+ Kh6 34. Qd6 Qa1+ 35. Kg2 Qxd4 36. e6 Qe4+ 37. Kf1 Qf5+ 38. Ke2 d4 39. e7
Qc2+ 40. Kf1 Qd1+ 41. Kf2 Qf3+ 42. Kg1 Qe3+ 43. Kg2 d3 44. Qd8 d2 45. Qf8+ Kh5
46. e8=Q Qxe8 47. Qxe8 d1=Q 48. Qe5+ g5 49. Qg7 Qe2+ 50. Kg1 Qe3+ 51. Kg2 h6
52. Qf7+ Kh4 53. Qg6 h5 54. Qc2 a5 55. Kh1 Qf3+ 56. Kg1 Kh3 57. Qd2 a4 0-1

[Event "Open Principal"]
[Site "Montpellier"]
[Date "1999.??.??"]
[Round "7"]
[White "Autran, Yann"]
[Black "Rouillon, Ludovic"]
[Result "0-1"]
[WhiteElo "1950"]
[BlackElo "2133"]
[PlyCount "82"]
[EventDate "1999.07.??"]

1. e4 c5 2. c3 Nf6 3. e5 Nd5 4. d4 cxd4 5. Nf3 e6 6. cxd4 Nc6 7. Nc3 d6 8. Nxd5
exd5 9. Be2 Be7 10. O-O O-O 11. Qb3 dxe5 12. dxe5 Rb8 13. Bf4 Be6 14. Rfd1 Bc5
15. Ng5 15... h6 {} 16. Nh7 Bxf2+ 17. Kxf2 Kxh7 18. Qd3+ g6 19. Kg1 Qb6+ 20.
Kh1 Qxb2 21. Rab1 Qxa2 22. Rd2 Qc4 23. Qg3 Qa4 24. Bd1 Qa5 25. Qh4 Rh8 26.
Qxh6+ Kg8 27. Qg5 Qd8 28. Qg3 Qh4 29. Ba4 Qxg3 30. Bxg3 Kg7 31. Rdb2 Rhc8 32.
Bf4 Na5 33. Bg5 Rc4 34. Bb5 Rc5 35. Be7 Rcc8 36. Bf6+ Kf8 37. Ba6 Bf5 38. Ra1
bxa6 39. Rxb8 Rxb8 40. g4 Rb1+ 41. Rxb1 Bxb1 0-1

[Event "Open Principal"]
[Site "Montpellier"]
[Date "1999.??.??"]
[Round "7"]
[White "Coin, Jacques"]
[Black "Holcman, Jeremy"]
[Result "0-1"]
[WhiteElo "1900"]
[BlackElo "2081"]
[PlyCount "136"]
[EventDate "1999.07.??"]

1. c4 g6 2. Nc3 c5 3. g3 Bg7 4. Bg2 Nc6 5. d3 e6 6. Bd2 Nge7 7. Qc1 h6 8. Ne4
d6 9. Bc3 e5 10. Nf3 O-O 11. Bd2 Kh7 12. h4 f5 13. Nc3 Nd4 14. h5 Nxf3+ 15.
Bxf3 g5 16. Qc2 Rb8 17. O-O-O a6 18. e4 Nc6 19. Ne2 f4 20. g4 b5 21. b3 Be6 22.
Bc3 Qb6 23. Rhf1 Rfc8 24. Kd2 a5 25. Rb1 Qa6 26. a4 bxa4 27. bxa4 Nb4 28. Bxb4
cxb4 29. Rbc1 Bd7 30. Qb3 Rc5 31. Rc2 Be6 32. Rfc1 Kh8 33. Rg1 Rbc8 34. Rgc1
R8c7 35. Ra2 Qc8 36. Rg1 Bf6 37. Rb2 Kg8 38. Ra2 Qb7 39. Rb1 Qb6 40. Rc1 R7c6
41. Rb1 41... Kg7 {} 42. Nc1 Rxc4 43. dxc4 Bxc4 44. Ke1 Bxb3 45. Nxb3 Bd8 46.
Be2 Bc7 47. Rd2 Kf6 48. Rd5 Rc2 49. Rd3 d5 50. Nd2 d4 51. f3 Qc6 52. Bd1 Rc3
53. Rb3 Bd6 54. Kf2 Rxd3 55. Rxd3 b3 56. Bxb3 Qc1 57. Ke2 Bb4 58. Bd1 Bxd2 59.
Rxd2 Qc4+ 60. Rd3 Ke7 61. Bb3 Qc1 62. Bd1 Kd6 63. Rd2 Qc4+ 64. Rd3 Kc5 65. Bb3
Qc1 66. Bd1 Kc4 67. Rd2 Qc3 68. Ke1 d3 0-1

[Event "Open Principal"]
[Site "Montpellier"]
[Date "1999.??.??"]
[Round "7"]
[White "Laval, Hubert"]
[Black "Schott, Raimund"]
[Result "1-0"]
[WhiteElo "1810"]
[BlackElo "2049"]
[PlyCount "103"]
[EventDate "1999.07.??"]

1. Nf3 Nf6 2. c4 e6 3. Nc3 Bb4 4. Qc2 b6 5. a3 Bxc3 6. Qxc3 Bb7 7. b4 a5 8. Bb2
axb4 9. axb4 Rxa1+ 10. Bxa1 Qe7 11. g3 Na6 12. b5 Nc5 13. Bg2 Nce4 14. Qc2 h6
15. O-O O-O 16. d3 Nc5 17. Bc3 Ra8 18. Ra1 Rxa1+ 19. Bxa1 Qd8 20. Qa2 Ne8 21.
Bc3 Qb8 22. Bb4 d6 23. Nd4 Bxg2 24. Kxg2 Qd8 25. Bc3 Kh7 26. Nc6 Qd7 27. Qc2 f5
28. f3 Qf7 29. d4 Nd7 30. e4 Kh8 31. exf5 exf5 32. Qe2 Nef6 33. d5 f4 34. g4
Nc5 35. Bxf6 gxf6 36. h4 Kg7 37. h5 Kf8 38. Nd4 Kg7 39. Qd2 Qe8 40. Qxf4 Qe1
41. Nf5+ Kf7 42. Nxh6+ Ke8 43. Qxf6 Qe2+ 44. Kg3 Qe1+ 45. Kf4 Nd3+ 46. Kf5 Ne5
47. Qe6+ Kf8 48. Kf6 Nxg4+ 49. fxg4 Qc3+ 50. Kg6 Qg7+ 51. Kf5 Qh7+ 52. Kf4 1-0

[Event "Open Principal"]
[Site "Montpellier"]
[Date "1999.??.??"]
[Round "7"]
[White "Launiau, Severin"]
[Black "Rue, David"]
[Result "0-1"]
[WhiteElo "1920"]
[BlackElo "2157"]
[PlyCount "80"]
[EventDate "1999.07.??"]

1. e4 e6 2. d4 d5 3. Nc3 Bb4 4. e5 c5 5. a3 Bxc3+ 6. bxc3 Qa5 7. Qd2 c4 8. Ne2
Bd7 9. Qg5 g6 10. Bb2 Ba4 11. Qd2 Nc6 12. Ng3 O-O-O 13. Be2 h5 14. h4 Nh6 15.
Nf1 Qc7 16. Ne3 {} 16... f6 17. f4 fxe5 18. fxe5 Nf5 19. Rh3 Qe7 20. Nxf5 gxf5
21. Qg5 Rdg8 22. Qf6 Qxf6 23. exf6 Rxg2 24. f7 Kd7 25. Kf1 Rg7 26. Bxh5 Bxc2
27. a4 Nd8 28. Ba3 Nxf7 29. Bf3 Rgh7 30. Re1 Ng5 31. hxg5 Rxh3 32. Kf2 Rh2+ 33.
Ke3 R8h4 34. Be2 f4+ 35. Kd2 Bd3 36. Kd1 Bf5 37. Bf8 Rg2 38. Bh6 Rhh2 39. a5 f3
40. g6 fxe2+ 0-1

[Event "Open Principal"]
[Site "Montpellier"]
[Date "1999.??.??"]
[Round "7"]
[White "Lacrosse, Marc"]
[Black "Esprit, Yohan"]
[Result "1-0"]
[WhiteElo "2218"]
[BlackElo "2083"]
[PlyCount "115"]
[EventDate "1999.07.??"]

1. d4 d6 2. c4 Nd7 3. Nc3 Ngf6 4. e4 e5 5. Nf3 c6 6. Be2 Be7 7. O-O O-O 8. Qc2
Qc7 9. Bg5 Re8 10. Rab1 a5 11. Rfc1 h6 12. Bh4 g5 13. Bg3 Nh5 14. d5 Ng7 15. a3
Nf8 16. c5 f5 17. cxd6 Bxd6 18. exf5 cxd5 19. Qb3 Qf7 20. Nxd5 Kh8 21. f6 Nf5
22. Bc4 Nxg3 23. hxg3 Be6 24. Nb6 Rad8 25. Bxe6 Nxe6 26. Nc4 Bb8 27. Ncxe5 Qxf6
28. Ng4 Qg7 29. Re1 Nf8 30. Qb6 h5 31. Qh6+ Qxh6 32. Nxh6 Kg7 33. Rxe8 Rxe8 34.
Nf5+ Kf6 35. Ne3 Rd8 36. Rd1 Rxd1+ 37. Nxd1 Be5 38. Kf1 Ne6 39. Ke2 b5 40. Nc3
Bxc3 41. bxc3 g4 42. Nd4 Nc7 43. Kd3 a4 44. Ke4 Ke7 45. Ke5 Kd7 46. f4 gxf3 47.
gxf3 Ne8 48. Nxb5 Kc6 49. c4 Kc5 50. Nc3 Kxc4 51. Nxa4 Kb3 52. Nc5+ Kxa3 53.
Ne6 Kb3 54. f4 Kc3 55. f5 Kd3 56. Ng7 h4 57. gxh4 Nxg7 58. f6 1-0

[Event "Open Principal"]
[Site "Montpellier"]
[Date "1999.??.??"]
[Round "7"]
[White "Morley, Stephen"]
[Black "Negre, Albert"]
[Result "0-1"]
[WhiteElo "1910"]
[BlackElo "2130"]
[PlyCount "56"]
[EventDate "1999.07.??"]

1. d4 Nf6 2. c4 c5 3. d5 b5 4. cxb5 a6 5. bxa6 Bxa6 6. Nc3 d6 7. e4 Bxf1 8.
Kxf1 g6 9. g3 Bg7 10. Nf3 O-O 11. Kg2 Nbd7 12. Re1 Ra6 13. Nb5 Ne8 14. Qc2 Nc7
15. Nxc7 Qxc7 16. a4 Qa7 17. Bg5 Rb8 18. Ra2 Rab6 19. Rb1 h6 20. Be3 Qb7 21.
Nd2 Rb4 22. b3 e6 23. Nc4 exd5 24. Nxd6 Qc6 25. Nb5 Rxe4 26. Kg1 Rbe8 27. Rf1
d4 28. Bd2 Re2 0-1

[Event "Open Principal"]
[Site "Montpellier"]
[Date "1999.??.??"]
[Round "7"]
[White "Redon, Philippe"]
[Black "Raggini, Lionel"]
[Result "1/2-1/2"]
[WhiteElo "1890"]
[BlackElo "2090"]
[PlyCount "71"]
[EventDate "1999.07.??"]

1. Nf3 Nf6 2. g3 d5 3. Bg2 Bg4 4. d3 Nbd7 5. O-O e6 6. Nbd2 Bd6 7. Qe1 e5 8. e4
Be6 9. exd5 Bxd5 10. Nc4 O-O 11. Nxd6 cxd6 12. Qb4 Qc7 13. Qc3 Rac8 14. Qxc7
Rxc7 15. c3 Nc5 16. Bg5 Nxd3 17. Bxf6 gxf6 18. Rfd1 Be4 19. Nh4 Bxg2 20. Rxd3
Bc6 21. Rxd6 Rd7 22. Rad1 Rfd8 23. Nf5 Rxd6 24. Rxd6 Rxd6 25. Nxd6 Kf8 26. Nf5
Bd7 27. Ne3 Be6 28. a3 Ke7 29. Kf1 Kd6 30. Ke2 b5 31. b4 e4 32. f3 f5 33. f4 h5
34. h4 Bc4+ 35. Kd2 Ke6 36. Ke1 1/2-1/2

[Event "Open Principal"]
[Site "Montpellier"]
[Date "1999.??.??"]
[Round "7"]
[White "Rue, Eric"]
[Black "Bigorre, Bernard"]
[Result "1-0"]
[WhiteElo "2159"]
[BlackElo "1870"]
[PlyCount "71"]
[EventDate "1999.07.??"]

1. e4 c5 2. Nc3 Nc6 3. f4 d6 4. Nf3 g6 5. Bc4 e6 6. d3 Bg7 7. O-O Nge7 8. Qe1
O-O 9. a3 Nd4 10. Nxd4 cxd4 11. Nd1 Bd7 12. Bb3 a6 13. a4 Bc6 14. Bd2 Bd7 15.
Kh1 Kh8 16. Nf2 f5 17. Nh3 h6 18. Ng1 e5 19. fxe5 dxe5 20. exf5 Nxf5 21. Nf3
Bc6 22. Nxe5 Kh7 23. Nxc6 bxc6 24. Rf4 Ne3 25. Bxe3 dxe3 26. Qxe3 Rxf4 27. Qxf4
Bxb2 28. Rf1 Bg7 29. Bf7 Qd4 30. Bxg6+ Kh8 31. Qxd4 Bxd4 32. Be4 Rc8 33. Rf7
Bg7 34. g4 Kg8 35. Ra7 Bc3 36. Rxa6 1-0